MARC

Tag First Indicator Second Indicator Subfields
LEADER 00000cam a2200000 i 4500
001 in00003908708
005 20211120182553.0
006 m o d f
007 cr mn|||||||||
008 140929s1950 dcuab ob f001 0 eng c
035 |a (OCoLC)ocn891598802 
040 |a COP  |b eng  |e rda  |e pn  |c COP  |d OCLCO  |d OCLCF  |d GPO  |d MvI  |d UtOrBLW 
042 |a pcc 
043 |a n-us-ca 
049 |a WWW 
074 |a 0624 (online) 
086 0 |a I 19.16:222 
100 1 |a Woodring, W. P.  |q (Wendell Phillips),  |d 1891-1983,  |e author.  |0 http://id.loc.gov/authorities/names/n82155020 
245 1 0 |a Geology and paleontology of the Santa Maria District, California /  |c by W. P. Woodring and M. N. Bramlette. 
264 1 |a Washington :  |b United States Department of the Interior, Geological Survey,  |c 1950. 
300 |a 1 online resource (iv, 185 pages) :  |b illustrations, maps +  |e 6 plates. 
336 |a text  |b txt  |2 rdacontent 
337 |a computer  |b c  |2 rdamedia 
338 |a online resource  |b cr  |2 rdacarrier 
490 1 |a Geological Survey professional paper ;  |v 222 
500 |a Title from title screen (viewed September 29, 2014). 
500 |a "Including a summary of the geologic features of producing and potential oil fields." 
500 |a Includes plates. 
504 |a Includes bibliographical references (pages 4-7) and index. 
650 0 |a Geology  |z California  |z Santa Barbara County. 
650 0 |a Paleontology  |z California  |z Santa Barbara County. 
650 0 |a Petroleum  |x Geology  |z California  |z Santa Barbara County. 
650 7 |a Geology.  |2 fast  |0 (OCoLC)fst00940627 
650 7 |a Paleontology.  |2 fast  |0 (OCoLC)fst01051513 
650 7 |a Petroleum  |x Geology.  |2 fast  |0 (OCoLC)fst01059280 
651 7 |a California  |z Santa Barbara County.  |2 fast  |0 (OCoLC)fst01212516 
700 1 |a Bramlette, M. N.  |q (Milton Nunn),  |d 1896-1977,  |e author.  |0 http://id.loc.gov/authorities/names/no98120158 
710 2 |a Geological Survey (U.S.),  |e issuing body.  |0 http://id.loc.gov/authorities/names/n80092173 
776 0 8 |i Parint version:  |a Woodring, W. P. (Wendell Phillips), 1891-1983.  |t Geology and paleontology of the Santa Maria District, California  |w (DLC)gs 51000102  |w (OCoLC)3693239 
830 0 |a Geological Survey professional paper ;  |v 222.  |0 http://id.loc.gov/authorities/names/n42012105 
856 4 0 |u https://purl.fdlp.gov/GPO/gpo85123  |t 0 
999 f f |s 81149738-03ca-3053-b8d1-09f061c4d471  |i 238ffac5-ec6c-35f5-9503-f2b7599524fc  |t 0 
952 f f |a Texas A&M University  |b College Station  |c Electronic Resources  |d Available Online  |t 0  |e I 19.16:222  |h Superintendent of Documents classification 
998 f f |a I 19.16:222  |t 0  |l Available Online